000 00767nam a22002417a 4500
003 DO-SdBPM
005 20250320124003.0
008 161205b 2005 sp a 00| 0 spa d
020 _a8496412652
040 _aDO-SdBPM
_bspa
_cBPMSU
082 4 _a839.81
_bA544so 2005
_222
100 1 _aAndersen, Hans Christian
245 1 3 _aEl soldadito de plomo /
_cHans Christian Andersen ; ilustraciones Alejandra Viacava
260 _aMadrid :
_bSol 90,
_c2005.
300 _a45 p. :
_bil.,;
_c20 cm.
490 0 _aCuentos infantiles,
_v11
590 _aInventariado, 2025/VM
650 4 _aCuentos infantiles daneses
650 4 _aLibros ilustrados para niƱos
700 1 _aViacava, Alejandra
_eilustración
910 _aVMateo V. Control de calidad. BPMSU
942 _2ddc
_cBK
999 _c12259
_d12259